| 000 | 00487nam a2200181Ia 4500 | ||
|---|---|---|---|
| 001 | 17586 | ||
| 005 | 20260306171528.0 | ||
| 008 | 260306s9999||||xx |||||||||||||| ||und|| | ||
| 041 | _aESP | ||
| 082 |
_a658.05 _bJ53 |
||
| 100 |
_aJiménez, Juan Carlos _eAUT |
||
| 245 | 0 |
_aNegocios.com: _bcómo construir marcas, hacer mercadeo y diseño interactivo en internet |
|
| 260 | _c2001 | ||
| 300 |
_a162 páginas : _c23 cm. |
||
| 650 | _aGEN | ||
| 654 | _aCAN | ||
| 942 |
_cLIB _dJUS _fJUS _2ddc _n |
||
| 999 |
_c17586 _d17586 |
||